00809nam a22002417a 45000010005000000030006000050050017000110080041000280200015000690400029000840500014001130820011001271000021001382450043001592600051002023000048002534900026003015050008003275200148003355210029004835210020005126500035005328252FISKH20251205134530.0250905b cb ||||| |||| 00| 0 eng d a0895655144 aFISKHbengcFISKHdFISKH aQL754.M38 a591.52 aMcDonnell, Janet aAnimal migration /cBy Janet McDonnell aChicago, Illinois , bChildrens Press ,c1989. a46 pages : bcolor illustrations ;c19 cm . aAmazing Animal Facts  aM  aExamines, in question and answer format, the migration habits of such animals as the caribou, red crab, Arctic tern, and California gray whale.8 a550 bLexile estimate 8 aM bRaz-Plus  aAnimals-migrationvNon-fiction